| 000 | 01141nam2a2200205 4500 | ||
|---|---|---|---|
| 001 | RU\NLR\PER_A\012033164_000410 | ||
| 005 | 20250625183757.0 | ||
| 035 | _a(NLR Aleph) 022281376 | ||
| 090 |
_a13223572 _c13223572 |
||
| 100 | _a20240719d2024 |||y0rusy50 ca | ||
| 101 | 0 | _arus | |
| 102 | _aRU | ||
| 200 | 0 | _a2024, № 1 | |
| 210 |
_d2024 _aБ. м. |
||
| 461 | 0 |
_1001RU\NLR\BIBL_A\012033164 _12001#$aВестник Пермского федерального исследовательского центра$dPerm federal research center journal$eнаучно-популярный журнал$zeng$v2024, № 1 _911562769 _aПермский федеральный исследовательский центр _cПермь _d2019 - _lPerm federal research center journal _nПермский федеральный исследовательский центр УрО РАН _oнаучно-популярный журнал _tВестник Пермского федерального исследовательского центра _x2658-705X _v2024, № 1 |
|
| 852 |
_aNLR _jП2/902 |
||
| 942 | _cISSUE | ||
| 980 | _aNB | ||
| 980 | _aRUSPER | ||